Historický kalendár

Bibliographic Details
Format: Article
Language:Slovak
ISSN:1210-2423
Subjects:

MARC

LEADER 00000nab a2200000 ar4500
001 vtls011706824
003 SK-MaSNL
005 20260303162117.0
008 170815c2017 xo wr|p|||||||000 b|slo
038 |a PPPK 
040 |a PPPKCL  |b slo  |c PPPKCL  |e AACR2 
041 0 |a slo 
044 |a xo  |c SK 
080 |a 929-058.1  |2 2011 
245 0 0 |a Historický kalendár  |c [autor] Pripravené v spolupráci s Podtatranskou knižnicou 
600 1 7 |a Gundelfingen, Alexander,  |d 1897-1946  |2 pppkcl  |9 1184712 
600 1 7 |a Šalling, Ján,  |d 1922-2006  |2 pppkcl  |9 199195 
650 0 7 |a osobnosti  |2 pppkcl  |9 29820 
651 7 |a Poprad (Slovensko)  |2 pppkcl  |9 20155 
651 7 |a Mengusovce (Slovensko)  |2 pppkcl  |9 55008 
651 7 |a Poprad (Slovensko : okres)  |2 pppkcl  |9 28675 
773 0 |t Podtatranské noviny  |g Roč. LVII, č. 30 (2017), s. 8  |x 1210-2423 
852 |a PPPK  |b KIS3GCP 
999 |c 2052261  |d 2054191